LIBRARY & INFORMATION CENTRE, KCAET, TAVANUR

ONLINE PUBLIC ACCESS CATALOGUE (OPAC)

Technologies for wasteland development / (Record no. 10470)

MARC details
000 -LEADER
fixed length control field 00551cam a2200205ua 4500
041 ## - LANGUAGE CODE
Language code of text/sound track or separate title eng
082 ## - DEWEY DECIMAL CLASSIFICATION NUMBER
Classification number 333.76
Item number ABR/TE
100 ## - MAIN ENTRY--AUTHOR NAME
Personal name Abrol, I P .
245 ## - TITLE STATEMENT
Title Technologies for wasteland development /
260 ## - PUBLICATION, DISTRIBUTION, ETC. (IMPRINT)
Place of publication New Delhi :
Name of publisher Indian Council for Agricultural Research ,
Year of publication 1998.
300 ## - PHYSICAL DESCRIPTION
Number of Pages 401 ; .
500 ## - GENERAL NOTE
General note 20493-96 Reference
700 1# - ADDED ENTRY--PERSONAL NAME
Personal name Dhruva Narayana, V V .
942 ## - ADDED ENTRY ELEMENTS (KOHA)
Koha item type Books
Holdings
Withdrawn status Lost status Damaged status Home library Current library Date acquired Full call number Accession Number Koha item type
      KAUAET KAUAET 07/04/2012 333.76 20496 Reference
      KAUAET KAUAET 07/04/2012 333.76 20493 Reference
free website counter